000 00475nam a22001577a 4500
999 _c41315
_d41315
003 OSt
005 20210428104952.0
008 210428b ||||| |||| 00| 0 eng d
040 _coclc
082 _a894.812301
_bKOD/J
100 _98598
_aKoduvally, Abdullatheef
245 _aJuha Kathakal/
_cAbdullatheef Koduvally
260 _aCalicut:
_bPratheeksha Books,
_c2018.
300 _a95 pages
942 _2ddc
_cBK
_h894.812301
_iKOD/J
_k894.812301
_mKOD/J